000 00632nam a2200265Ia 4500
005 20260306163942.0
008 008 260114s9999 xx 000 0 eng d
020 _a9780226821412
037 _aEBOOK
040 _aCRL
040 _beng
040 _cCRL
041 _2eng
041 _aeng
084 _qCRL
100 _aFleming
245 0 _aConstructing Basic Liberties: A Defense Of Substantive Due Process
260 _bUniversity of Chicago Press
260 _c2023
650 _aLaw
856 _uhttps://academic.oup.com/book/45061
942 _cEBOOK
999 _c1712159
_d1712159